Vault Law 50 Firms Quiz Stats

 Plays Quiz not verified by Sporcle

Challenge
Share
Tweet
Embed
Score 0/52 Timer 12:00
0 Plays Today
Rank Firm % Correct
4Skadden, Arps, Slate, Meagher & Flom
84.9%
2Cravath, Swaine & Moore
80.3%
1Wachtell Lipton Rosen & Katz
77%
11Latham & Watkins
74.5%
3Sullivan & Cromwell
74%
5Davis Polk & Wardwell
70.4%
19Jones Day
70.4%
9Kirkland & Ellis
70.1%
8Cleary Gottlieb Steen & Hamilton
68.5%
6Simpson Thacher & Bartlett
63%
10Covington & Burling
61.9%
7Weil, Gotshal & Manges
61.1%
13 (tie)Paul, Weiss, Rifkind, Wharton & Garrison
60%
15Sidley Austin
59.2%
18White & Case
58.1%
29Linklaters
57.3%
12Debevoise & Plimpton
57%
45DLA Piper
54.8%
26Clifford Chance
53.4%
13 (tie)Williams & Connolly
52.1%
16Quinn Emanuel Urquhart & Sullivan
51.2%
25Ropes & Gray
51.2%
14Gibson Dunn & Crutcher
50.1%
40Baker & McKenzie
50.1%
21WilmerHale
49.9%
35Allen & Overy
48.5%
Rank Firm % Correct
39Proskauer Rose
48.5%
42Freshfields Bruckhaus Deringer
47.9%
27Paul Hastings
44.4%
20Arnold & Porter
43%
38Baker Botts
42.7%
28Akin Gump Strauss Hauer & Feld
42.2%
24Shearman & Sterling
41.9%
33Cadwalader, Wickersham & Taft
40.5%
23Morrison & Foerster
39.2%
31Fried, Frank, Harris, Shriver & Jacobson
39.2%
36Orrick, Herrington & Sutcliffe
38.6%
30Mayer Brown
36.7%
17Boies, Schiller & Flexner
36.4%
22O'Melveny & Myers
36.2%
32Milbank, Tweed, Hadley & McCloy
34.8%
48Cahill Gordon & Reindel
33.2%
37Dewey & LeBoeuf
31.5%
41Goodwin Procter
31.2%
47 (tie)Jenner & Block
31%
47 (tie)King & Spalding
30.7%
34Munger, Tolles & Olson
30.1%
46Willkie Farr & Gallagher
30.1%
50Wilson Sonsini Goodrich & Rosati
28.5%
44Winston & Strawn
25.2%
43Irell & Manella
24.7%
49Bingham McCutchen
24.7%

You're not logged in!

Compare scores with friends on all Sporcle quizzes.
OR
Log In

You Might Also Like...

Show Comments

Extras

Created Mar 22, 2012SourceReportNominate
Tags:law, vault

Top Quizzes Today


Score Distribution

Your Account Isn't Verified!

In order to create a playlist on Sporcle, you need to verify the email address you used during registration. Go to your Sporcle Settings to finish the process.

Report this User

Report this user for behavior that violates our Community Guidelines.

Details: